[Event "Tata Steel Chess 2020 GM-B"]
[Site "Wijk aan Zee NED"]
[Date "2020.01.18"]
[Round "7.1"]
[White "Nihal, Sarin"]
[Black "Saduakassova, Dinara"]
[Result "1-0"]
[WhiteElo "2618"]
[BlackElo "2519"]
[PlyCount "93"]
[EventDate "2020.01.11"]
[EventType "tourn"]
[EventRounds "13"]
[EventCountry "NED"]
[SourceTitle "Ajedrez en Madrid"]
[Source "lmi"]
[SourceDate "2020.01.11"]
[SourceVersion "1"]
[SourceVersionDate "2020.01.19"]
[SourceQuality "1"]

1. d4 Nf6 2. c4 e6 3. Nc3 Bb4 4. e3 O-O 5. Bd2 d5 6. Nf3 c5 7. a3 Bxc3 8. Bxc3
Ne4 9. Rc1 Nxc3 10. Rxc3 cxd4 11. Nxd4 Nc6 12. cxd5 Qxd5 13. Nxc6 bxc6 14. Qc2
h6 15. f3 a5 16. Bc4 Qe5 17. f4 Qf6 18. O-O Ba6 19. Rf2 Rfd8 20. h3 Rd6 21. Ba2
Rc8 22. f5 exf5 23. Qxf5 Rc7 24. Qxf6 Rxf6 25. Rxf6 gxf6 26. Kf2 Kg7 27. Bb1 c5
28. Be4 Rc8 29. Kf3 Bb5 30. g4 Bd7 31. Kf4 Be6 32. Bf5 Bxf5 33. Kxf5 Rb8 34. b3
Re8 35. Kf4 Rb8 36. h4 Kg6 37. h5+ Kg7 38. Ke4 Rb7 39. Kd5 Re7 40. Kxc5 Re4 41.
b4 axb4 42. axb4 Re5+ 43. Kc6 Re6+ 44. Kb7 f5 45. gxf5 Re5 46. Kc6 Rxf5 47. b5
1-0

[Event "Tata Steel Chess 2020 GM-B"]
[Site "Wijk aan Zee NED"]
[Date "2020.01.18"]
[Round "7.2"]
[White "L'Ami, Erwin"]
[Black "Smeets, Jan"]
[Result "1/2-1/2"]
[WhiteElo "2606"]
[BlackElo "2585"]
[PlyCount "97"]
[EventDate "2020.01.11"]
[EventType "tourn"]
[EventRounds "13"]
[EventCountry "NED"]
[SourceTitle "Ajedrez en Madrid"]
[Source "lmi"]
[SourceDate "2020.01.11"]
[SourceVersion "1"]
[SourceVersionDate "2020.01.19"]
[SourceQuality "1"]

1. d4 d5 2. c4 c6 3. Nf3 Nf6 4. e3 Bf5 5. Nc3 e6 6. Nh4 Bg6 7. Nxg6 hxg6 8. g3
Nbd7 9. Qb3 Qc7 10. Bg2 Be7 11. O-O O-O 12. cxd5 cxd5 13. Bd2 Nb6 14. Rfc1 Qd7
15. Be1 Rfc8 16. Ne2 Nc4 17. Nf4 Rc6 18. Nd3 Rac8 19. Qd1 Qd8 20. a4 Ne4 21. b3
Na5 22. Rxc6 Nxc6 23. Rc1 a5 24. Rc2 Nb4 25. Bxb4 Bxb4 26. Bxe4 dxe4 27. Ne5
Bd6 28. Nc4 f5 29. Nxd6 Rxc2 30. Qxc2 Qxd6 31. Qc8+ Kh7 32. Qxb7 Qa3 33. Qb5
Qc1+ 34. Kg2 Qd2 35. h4 Qe1 36. d5 e5 37. d6 f4 38. exf4 exf4 39. gxf4 Qd1 40.
Qg5 Qf3+ 41. Kg1 e3 42. fxe3 Qxe3+ 43. Kh2 Qd2+ 44. Kh3 Qxd6 45. Qg3 Qe6+ 46.
Kh2 Qe2+ 47. Kg1 Qd1+ 48. Kh2 Qc2+ 49. Kg1 1/2-1/2

[Event "Tata Steel Chess 2020 GM-B"]
[Site "Wijk aan Zee NED"]
[Date "2020.01.18"]
[Round "7.3"]
[White "Keymer, Vincent"]
[Black "Anton Guijarro, David"]
[Result "1/2-1/2"]
[WhiteElo "2527"]
[BlackElo "2694"]
[PlyCount "64"]
[EventDate "2020.01.11"]
[EventType "tourn"]
[EventRounds "13"]
[EventCountry "NED"]
[SourceTitle "Ajedrez en Madrid"]
[Source "lmi"]
[SourceDate "2020.01.11"]
[SourceVersion "1"]
[SourceVersionDate "2020.01.19"]
[SourceQuality "1"]

1. d4 d5 2. c4 e6 3. Nf3 c6 4. e3 Bd6 5. Bd3 Nf6 6. O-O O-O 7. Nbd2 c5 8. dxc5
Bxc5 9. b3 b6 10. Bb2 Bb7 11. Qc2 Nc6 12. a3 d4 13. Ne4 Nxe4 14. Bxe4 dxe3 15.
b4 exf2+ 16. Kh1 Be7 17. Rad1 Qc7 18. Bxh7+ Kh8 19. Bd3 f5 20. Qxf2 Bf6 21.
Rfe1 Rae8 22. b5 Na5 23. Ne5 Kg8 24. Ng6 Nxc4 25. Bxc4 Qxc4 26. Nxf8 Rxf8 27.
Bxf6 Rxf6 28. Rd7 Qc8 29. Qd4 Bd5 30. Rxd5 exd5 31. Qxd5+ Kh7 32. Qf3 Qc5
1/2-1/2

[Event "Tata Steel Chess 2020 GM-B"]
[Site "Wijk aan Zee NED"]
[Date "2020.01.18"]
[Round "7.4"]
[White "Eljanov, Pavel"]
[Black "Van Foreest, Lucas"]
[Result "1/2-1/2"]
[WhiteElo "2650"]
[BlackElo "2523"]
[PlyCount "65"]
[EventDate "2020.01.11"]
[EventType "tourn"]
[EventRounds "13"]
[EventCountry "NED"]
[SourceTitle "Ajedrez en Madrid"]
[Source "lmi"]
[SourceDate "2020.01.11"]
[SourceVersion "1"]
[SourceVersionDate "2020.01.19"]
[SourceQuality "1"]

1. d4 Nf6 2. c4 e6 3. Nf3 d5 4. g3 Be7 5. Bg2 O-O 6. O-O dxc4 7. Qa4 a6 8. Qxc4
b5 9. Qc2 Bb7 10. Bd2 Be4 11. Qc1 Nc6 12. Be3 Rc8 13. Rd1 Nd5 14. Nbd2 Nxe3 15.
fxe3 Bxf3 16. exf3 Na5 17. Ne4 f5 18. Nc3 Qd6 19. e4 c5 20. e5 Qxd4+ 21. Rxd4
cxd4 22. Qe1 dxc3 23. bxc3 Rc7 24. Bf1 Rfc8 25. Rc1 Kf7 26. g4 g6 27. Kh1 Nc4
28. gxf5 gxf5 29. Bxc4 Rxc4 30. Qe3 b4 31. Qh6 Rh4 32. Qd2 Rhc4 33. Qh6 1/2-1/2

[Event "Tata Steel Chess 2020 GM-B"]
[Site "Wijk aan Zee NED"]
[Date "2020.01.18"]
[Round "7.5"]
[White "Grandelius, Nils"]
[Black "Abdusattorov, Nodirbek"]
[Result "1/2-1/2"]
[WhiteElo "2673"]
[BlackElo "2635"]
[PlyCount "104"]
[EventDate "2020.01.11"]
[EventType "tourn"]
[EventRounds "13"]
[EventCountry "NED"]
[SourceTitle "Ajedrez en Madrid"]
[Source "lmi"]
[SourceDate "2020.01.11"]
[SourceVersion "1"]
[SourceVersionDate "2020.01.19"]
[SourceQuality "1"]

1. Nf3 Nf6 2. c4 e6 3. g3 d5 4. d4 Be7 5. Bg2 O-O 6. O-O dxc4 7. Qc2 a6 8. Qxc4
b5 9. Qc2 Bb7 10. Bd2 Be4 11. Qc1 c6 12. a4 Nbd7 13. Nc3 Bg6 14. Nh4 Bh5 15. h3
Nd5 16. axb5 axb5 17. Nxd5 cxd5 18. Bf3 Bxf3 19. Nxf3 Qb6 20. Qc2 Nf6 21. Bg5
h6 22. Bxf6 Bxf6 23. Rxa8 Rxa8 24. e3 Ra4 25. b3 Ra8 26. Rc1 b4 27. Kg2 Qa6 28.
h4 g6 29. Ne1 Qa2 30. Qxa2 Rxa2 31. Rc8+ Kg7 32. Rb8 Be7 33. Nd3 Ra3 34. Nxb4
Rxb3 35. Nc6 Rxb8 36. Nxb8 Bd6 37. Nd7 f6 38. Nb6 Kf7 39. Kf3 h5 40. Na4 g5 41.
hxg5 fxg5 42. g4 h4 43. Kg2 e5 44. dxe5 Bxe5 45. Nc5 d4 46. exd4 Bxd4 47. Nd3
Kf6 48. f4 gxf4 49. Nxf4 Be5 50. Kh3 Bxf4 51. Kxh4 Kg6 52. g5 Bxg5+ 1/2-1/2

[Event "Tata Steel Chess 2020 GM-B"]
[Site "Wijk aan Zee NED"]
[Date "2020.01.18"]
[Round "7.7"]
[White "Ganguly, Surya Shekhar"]
[Black "Mamedov, Rauf"]
[Result "1/2-1/2"]
[WhiteElo "2636"]
[BlackElo "2659"]
[PlyCount "81"]
[EventDate "2020.01.11"]
[EventType "tourn"]
[EventRounds "13"]
[EventCountry "NED"]
[SourceTitle "Ajedrez en Madrid"]
[Source "lmi"]
[SourceDate "2020.01.11"]
[SourceVersion "1"]
[SourceVersionDate "2020.01.19"]
[SourceQuality "1"]

1. e4 c5 2. Nf3 Nc6 3. Nc3 g6 4. d4 cxd4 5. Nxd4 Bg7 6. Be3 Nf6 7. Bc4 O-O 8.
Bb3 d6 9. f3 Bd7 10. h4 h5 11. Qd2 Rc8 12. O-O-O Ne5 13. Bg5 Rc5 14. Kb1 Re8
15. Bh6 Bh8 16. g4 Qa5 17. gxh5 Nxh5 18. Rhg1 Kh7 19. Bg5 b5 20. f4 Nc4 21. Qd3
e6 22. Rdf1 Nxb2 23. Kxb2 b4 24. f5 Rxc3 25. fxg6+ fxg6 26. Qd1 Qc5 27. e5 Qxe5
28. Rf7+ Kg8 29. Rxd7 Qxd4 30. Kc1 d5 31. Re1 Rcc8 32. Qxd4 Bxd4 33. Bh6 Kh8
34. Re2 a5 35. Ba4 Bg7 36. Bxg7+ Nxg7 37. Rg2 Rcd8 38. Ra7 Ra8 39. Rb7 Rab8 40.
Ra7 Ra8 41. Rb7 1/2-1/2

[Event "Tata Steel Chess 2020 GM-B"]
[Site "Wijk aan Zee NED"]
[Date "2020.01.19"]
[Round "8.2"]
[White "Abdusattorov, Nodirbek"]
[Black "Eljanov, Pavel"]
[Result "1/2-1/2"]
[WhiteElo "2635"]
[BlackElo "2650"]
[PlyCount "101"]
[EventDate "2020.01.11"]
[EventType "tourn"]
[EventRounds "13"]
[EventCountry "NED"]
[SourceTitle "Ajedrez en Madrid"]
[Source "lmi"]
[SourceDate "2020.01.11"]
[SourceVersion "1"]
[SourceVersionDate "2020.01.19"]
[SourceQuality "1"]

1. e4 e5 2. Nf3 Nc6 3. Bb5 Nf6 4. O-O Nxe4 5. Re1 Nd6 6. Nxe5 Be7 7. Bf1 Nxe5
8. Rxe5 O-O 9. Nc3 Ne8 10. Nd5 Bd6 11. Re1 c6 12. Ne3 Bc7 13. Nf5 d5 14. Ne7+
Kh8 15. Nxc8 Rxc8 16. d3 f5 17. Qf3 Qd7 18. Bf4 Nf6 19. g3 Bxf4 20. Qxf4 Rce8
21. c4 a6 22. Bg2 dxc4 23. dxc4 g6 24. Rxe8 Rxe8 25. Bf3 Kg7 26. Rd1 Qe7 27.
Rd3 Qc5 28. h4 h6 29. Kg2 Re7 30. Rd8 Qe5 31. Qxe5 Rxe5 32. b4 g5 33. Rb8 Re7
34. hxg5 hxg5 35. Kf1 Ng4 36. Bd1 Ne5 37. c5 Nd3 38. Bc2 Nxb4 39. Bxf5 Nxa2 40.
Bc8 Nb4 41. Rxb7 Rxb7 42. Bxb7 a5 43. Ke2 a4 44. Kd2 a3 45. Kc1 Kf6 46. f4 gxf4
47. gxf4 Ke6 48. f5+ Kxf5 49. Kb1 Ke5 50. Bxc6 Nxc6 51. Ka2 1/2-1/2

[Event "Tata Steel Chess 2020 GM-B"]
[Site "Wijk aan Zee NED"]
[Date "2020.01.19"]
[Round "8.3"]
[White "Mamedov, Rauf"]
[Black "Warmerdam, Max"]
[Result "1-0"]
[WhiteElo "2659"]
[BlackElo "2498"]
[PlyCount "93"]
[EventDate "2020.01.11"]
[EventType "tourn"]
[EventRounds "13"]
[EventCountry "NED"]
[SourceTitle "Ajedrez en Madrid"]
[Source "lmi"]
[SourceDate "2020.01.11"]
[SourceVersion "1"]
[SourceVersionDate "2020.01.19"]
[SourceQuality "1"]

1. e4 e5 2. Nf3 Nc6 3. Bc4 Nf6 4. d3 Bc5 5. c3 a6 6. Bb3 Ba7 7. Nbd2 h6 8. h3
O-O 9. g4 d5 10. g5 hxg5 11. Nxg5 Ne7 12. exd5 Nexd5 13. Nde4 Bf5 14. Qf3 Bg6
15. Rg1 c6 16. Bd2 a5 17. O-O-O a4 18. Bc2 Nh5 19. d4 exd4 20. c4 Nb6 21. Ng3
d3 22. Bxd3 Qxd3 23. Qxd3 Bxd3 24. Nxh5 Bg6 25. Ne6 Nxc4 26. Nhxg7 a3 27. bxa3
Bxf2 28. Nxf8 Kxf8 29. Ne6+ Ke7 30. Nc7 Rxa3 31. Bb4+ c5 32. Nd5+ Ke6 33. Bxa3
Bxg1 34. Nf4+ Kf5 35. Rxg1 Nxa3 36. Rf1 Ke5 37. Nxg6+ fxg6 38. Rg1 Kf5 39. Rg3
Nb5 40. Rb3 Nd6 41. a4 Ke5 42. a5 Nc4 43. Rb5 Kd5 44. Rxb7 Nxa5 45. Rg7 Nb3+
46. Kb2 Nd4 47. Rxg6 1-0

[Event "Tata Steel Chess 2020 GM-B"]
[Site "Wijk aan Zee NED"]
[Date "2020.01.19"]
[Round "8.5"]
[White "Anton Guijarro, David"]
[Black "Nihal, Sarin"]
[Result "1-0"]
[WhiteElo "2694"]
[BlackElo "2618"]
[PlyCount "129"]
[EventDate "2020.01.11"]
[EventType "tourn"]
[EventRounds "13"]
[EventCountry "NED"]
[SourceTitle "Ajedrez en Madrid"]
[Source "lmi"]
[SourceDate "2020.01.11"]
[SourceVersion "1"]
[SourceVersionDate "2020.01.19"]
[SourceQuality "1"]

1. c4 c6 2. Nf3 d5 3. e3 Nf6 4. Nc3 e6 5. b3 Bd6 6. Bb2 O-O 7. d4 Nbd7 8. Be2
b6 9. O-O Qe7 10. Re1 Bb7 11. Bd3 Rfe8 12. cxd5 Nxd5 13. Ne4 Bc7 14. Rc1 Rad8
15. Bb1 e5 16. Ng3 g6 17. Be4 c5 18. b4 f5 19. Bxd5+ Bxd5 20. dxc5 Nf6 21. Qc2
bxc5 22. bxc5 Qe6 23. Ng5 Qc6 24. e4 fxe4 25. N5xe4 Nxe4 26. Nxe4 Bxa2 27. Bxe5
Rxe5 28. Qxa2+ Kg7 29. f3 a5 30. Qb2 Kg8 31. Red1 Rb8 32. Qa2+ Kg7 33. Rc2 Rbe8
34. Qb2 Kh6 35. Qc1+ Kg7 36. Qb2 Kh6 37. Qc1+ Kg7 38. Rcd2 R8e7 39. Qc3 Kh6 40.
Rd3 Rf5 41. Qc4 Kg7 42. g3 Rf8 43. Kg2 Be5 44. Ra3 Bc7 45. Rd5 h6 46. Rad3 Kh7
47. h4 Be5 48. Re3 a4 49. Ra3 Qb7 50. Rd2 Ref7 51. Qxa4 Qb1 52. Rad3 Kh8 53.
Qd1 Qb5 54. Qb3 Qc6 55. Qd5 Qc7 56. Qe6 Bxg3 57. Nxg3 Qxc5 58. Qxg6 Rg7 59.
Qxh6+ Kg8 60. Qe6+ Kh8 61. Rd5 Rxg3+ 62. Kxg3 Qg1+ 63. Rg2 Rxf3+ 64. Kxf3 Qf1+
65. Rf2 1-0

[Event "Tata Steel Chess 2020 GM-B"]
[Site "Wijk aan Zee NED"]
[Date "2020.01.19"]
[Round "8.6"]
[White "Saduakassova, Dinara"]
[Black "Grandelius, Nils"]
[Result "0-1"]
[WhiteElo "2519"]
[BlackElo "2673"]
[PlyCount "112"]
[EventDate "2020.01.11"]
[EventType "tourn"]
[EventRounds "13"]
[EventCountry "NED"]
[SourceTitle "Ajedrez en Madrid"]
[Source "lmi"]
[SourceDate "2020.01.11"]
[SourceVersion "1"]
[SourceVersionDate "2020.01.19"]
[SourceQuality "1"]

1. d4 Nf6 2. c4 g6 3. g3 Bg7 4. Bg2 d5 5. cxd5 Nxd5 6. Nf3 Nb6 7. Nc3 Nc6 8.
O-O Nxd4 9. Nxd4 Qxd4 10. Qxd4 Bxd4 11. a4 Bxc3 12. bxc3 a5 13. Bf4 c6 14. Bc7
Nd7 15. Rfd1 O-O 16. c4 Re8 17. Ra3 Nc5 18. Bb6 Na6 19. c5 Nb4 20. e4 f5 21.
Bh3 fxe4 22. Bxc8 Rexc8 23. Rd7 Nd5 24. Rxb7 Kf7 25. Kf1 Ke6 26. Ke2 Rf8 27.
Bc7 h5 28. Rab3 Rf5 29. Bb8 Nf6 30. Rc3 Nd7 31. Bf4 Rxc5 32. Rcb3 Nf6 33. Bd2
Rc4 34. Rc3 Rxc3 35. Bxc3 Nd5 36. Bd2 Ra6 37. h4 Kd6 38. Rb8 Ke6 39. Rg8 Kf7
40. Rc8 Kf6 41. Rb8 Ke5 42. Rb7 Kd4 43. Rb3 Kc4 44. Rb7 e5 45. Rb8 Rb6 46. Rg8
c5 47. Bxa5 Rb2+ 48. Kf1 e3 49. fxe3 Nxe3+ 50. Ke1 Nc2+ 51. Kf1 Kd3 52. Rxg6
Ne3+ 53. Kg1 Rb1+ 54. Kh2 Ng4+ 55. Kg2 Rb2+ 56. Kf1 Nh2+ 0-1